MARC

LEADER 00000nam0a2200000 4500
001 21865
005 20241126063148.0
010 |a 5783800937 
035 |a (RuTPU)RU\TPU\book\22074 
035 |a BOOK00022144 
090 |a 21865 
100 |a 20011209d1998 km y0 y50 ca 
101 0 |a rus 
102 |a RU 
105 |a y fg 000zy 
200 1 |a Мир русской истории  |e Энциклопедический справочник 
210 |a Москва  |c Вече  |d 1998 
215 |a 608 с. 
225 1 |a Энциклопедии. Справочники. Неумирающие книги 
606 |a Россия  |x История  |7 ca  |8 rus  |9 81526 
610 1 |a государственность 
610 1 |a князья 
610 1 |a цари 
610 1 |a императоры 
610 1 |a православная церковь 
610 1 |a российская дипломатия 
610 1 |a военная история 
610 1 |a советское государство 
610 1 |a российские историки 
610 1 |a СССР 
610 1 |a энциклопедические справочники 
686 |a Т3(2)я2  |2 rubbk 
801 0 |a RU  |b 63413507  |c 20011209  |g PSBO 
801 2 |a RU  |b 63413507  |c 20120702  |g PSBO 
942 |c BK